Girişimci bir sanayicinin anıları (Record no. 6901)

MARC details
000 -BAŞLIK
Sabit Uzunlukta Kontrol Alanı 00780na a2200253 4500
001 - KONTROL NUMARASI
Denetim Alanı 14105
003 - KONTROL NUMARASI IDENTIFIER
Denetim Alanı MIRAKIL
005 - SON İŞLEM TARİHİ VE ZAMANI
Denetim Alanı 20181213155122.0
008 - SABİT-BOY VERİ ELEMANLARI - GENEL BİLGİLER
Sabit Uzunlukta Kontrol Alanı 161102b tu 000 0
035 ## - SİSTEM KONTROL NUMARASI
Sistem Kontrol Numarası 14105
040 ## - KATALOGLAMA KAYNAK
Orijinal Kataloglama Ajansı Milas
Kataloglama Dili tur
Metne Dönüştürmek Ajansı TR-AnCHP
082 ## - DEWEY ONLU SINIFLANDIRMA NUMARASI
Sınıflandırma Numarası 923.33 Gençer,R.
Ürün Numarası G35g 2012
090 ## - SINIFLAMA NUMARASI
Sınıflama Numarası 923.33 Gençer,R. G35g 2012
100 ## - ANA GİRİŞ - KİŞİSEL İSİM
Kişisel Ad Gençer, Recep
245 ## - BAŞLIK TABLOSU
Başlık Girişimci bir sanayicinin anıları
Başlığın Kalan İyi bir sanayici nasıl olunur?
Sorumluluk Tablosu, Vb Recep Gençer
246 ## - UNVAN FORM VARYING
Başlık Doğru / Kısa Başlığı İyi bir sanayici nasıl olunur?
260 ## - YAYIN, DAĞITIM, VB
Yayın, Dağıtım, Vb Yeri İstanbul
Yayıncı, Dağıtıcı, Vs Adı Recep Gençer Vakfı
Yayın, Dağıtım, Vb Tarihi 2012
300 ## - FİZİKSEL TANIM
Kapsam 96 s.
Boyutlar 24 sm.
600 ## - KONU KATMA GİRİŞ - KURUMSAL ADI
Kişisel Ad Gençer, Recep
Genel Alt Bölümü Anılar
650 ## - KONU KATMA GİRİŞ - TOPİKAL DÖNEM
Topikal Süreli Veya Coğrafi Ad Giriş Elemanı Girişimciler
Genel Alt Bölümü Anılar
650 ## - KONU KATMA GİRİŞ - TOPİKAL DÖNEM
Topikal Süreli Veya Coğrafi Ad Giriş Elemanı İş adamları
Genel Alt Bölümü Anılar
650 ## - KONU KATMA GİRİŞ - TOPİKAL DÖNEM
Topikal Süreli Veya Coğrafi Ad Giriş Elemanı Sanayi
Aktif Tarihleri 1950-
Genel Alt Bölümü Anılar
Coğrafi Alt Bölümü Türkiye
942 ## - EKLENDİ GİRİŞ ELEMANLARI (KOHA)
Sınıflandırma Veya Raf Düzeni Kaynak Dewey Decimal Classification
Koha Öğesi Türü Books
999 ## - SİSTEM KONTROL NUMARALARI (KOHA)
Koha Biblionumber 6901
Koha Biblioitemnumber 6901
Holdings
Kalıcı Konum Mevcut Konum Edinme Tarihi Edinim Kaynak Toplam Check-Out'Lar Tam Çağrı Numarası Barkod Tarih Son Görülme İtibaren Geçerli Fiyatlar Koha Öğesi Türü
CHP Kütüphanesi CHP Kütüphanesi 08/24/2016 Bağış   923.33 Gençer,R. G35g 2012 001936 08/24/2016 08/24/2016 Books